Statistics for 2023年南非洲百万人口城市

Click here to take the quiz!

General Stats

  • This quiz has been taken 73 times
  • The average score is 11 of 25

Answers on the Map

Answers color-coded by a green-red scale on the quiz's map according to % correct below.
 

Answer Stats

人口(万)城市% Correct
1480约翰内斯堡 / 比勒陀利亚
96%
445开普敦
94%
1500金沙萨
90%
655内罗毕
79%
220布拉柴维尔
78%
600达累斯萨拉姆
73%
900罗安达
58%
295塔那那利佛
54%
357.5德班
52%
397.5坎帕拉
48%
132蒙巴萨
46%
260哈拉雷
45%
144伊丽莎白港
45%
245马普托
43%
133基加利
43%
225卢萨卡
42%
114利隆圭
36%
114黑角
25%
265卢本巴希
25%
103姆万扎
12%
122基桑加尼
12%
129卡南加
10%
135本格拉
10%
232.5姆布吉马伊
4%
103布卡武
3%

Score Distribution

Percentile by Number Answered

Percent of People with Each Score

Your Score History

You have not taken this quiz